Survivor Tribe by Buff Color Quiz Stats

 Plays Quiz not verified by Sporcle

Challenge
Share
Tweet
Embed
Score 0/93 Timer 10:00
0 Plays Today
Season Tribe % Correct
BorneoPagong
96.7%
BorneoTagi
95.2%
The Australian OutbackOgakor
91.9%
The Australian OutbackKucha
91.1%
Pearl IslandsMorgan
91.1%
Pearl IslandsDrake
90.7%
PalauKoror
90.7%
PalauUlong
90.7%
Heroes vs. VillainsHeroes
89.6%
Pearl IslandsThe Outcasts
89.3%
All-StarsChapera
89.3%
All-StarsSaboga
89.3%
All-StarsMogo Mogo
89.3%
Heroes vs. VillainsVillains
88.9%
BorneoRattana
88.5%
Pearl IslandsBalboa
88.5%
Heroes vs. VillainsYin Yang
86.7%
The Australian OutbackBarramundi
86.3%
All-StarsChaboga Mogo
86.3%
ThailandSook Jai
85.9%
SamoaFoa Foa
85.9%
MarquesasRotu
85.6%
Micronesia: Fans vs. FavoritesDabu
85.6%
Panama: Exile IslandLa Mina
85.2%
GabonFang
85.2%
VanuatuYasur
84.8%
Cook IslandsRarotonga
84.8%
TocantinsJalapao
84.8%
Panama: Exile IslandCasaya
84.4%
ChinaFei Long
84.4%
Micronesia: Fans vs. FavoritesMalakal
84.4%
Season Tribe % Correct
SamoaGalu
84.4%
Cook IslandsAitutonga
84.1%
GabonNobag
84.1%
The AmazonJacaré
83.7%
Cook IslandsAitutaki
83.7%
Micronesia: Fans vs. FavoritesAirai
83.7%
TocantinsTimbira
83.7%
Redemption IslandOmetepe
83.7%
ThailandChuay Jai
83%
NicaraguaLa Flor
83%
VanuatuLopevi
82.6%
GuatemalaNakúm
82.6%
Cook IslandsPuka Puka
82.6%
GabonKota
82.6%
AfricaBoran
82.2%
GuatemalaYaxhá
82.2%
ChinaZhan Hu
82.2%
TocantinsForza
82.2%
ThailandChuay Gahn
81.9%
AfricaSamburu
81.5%
AfricaMoto Maji
81.5%
PhilippinesMatsing
81.1%
Panama: Exile IslandBayoneta
80.7%
MarquesasMaraamu
80%
VanuatuAlinta
80%
ChinaHae Da Fung
80%
NicaraguaEspada
80%
Redemption IslandZapatera
80%
The AmazonJaburu
79.6%
GuatemalaXhakúm
79.3%
Cook IslandsManihiki
79.3%
Season Tribe % Correct
FijiRavu
79.3%
PhilippinesKalabaw
79.3%
MarquesasSoliantu
78.9%
Panama: Exile IslandViveros
78.9%
South PacificSavaii
78.5%
The AmazonTambaqui
78.1%
FijiMoto
78.1%
PhilippinesTandang
78.1%
FijiBula Bula
77.8%
NicaraguaLibertad
77.8%
South PacificUpolu
77%
South PacificTe Tuna
76.7%
SamoaAiga
76.3%
Panama: Exile IslandGitanos
75.2%
CagayanLuzon
75.1%
CagayanAparri
73.7%
One WorldSalani
73.3%
One WorldManono
73.3%
PhilippinesDangrayne
73.3%
CaramoanEnil Edam
73%
Redemption IslandMurlonio
72.6%
CaramoanBikal
72.4%
CaramoanGota
71.2%
Blood vs. WaterTadhana
67.8%
CagayanSolana
67.6%
One WorldTikiano
67.4%
CagayanSolarrion
67.1%
San Juan del SurCoyopa
67%
Blood vs. WaterGalang
67%
San Juan del SurHunahpu
63.9%
Blood vs. WaterKasama
60.5%

You're not logged in!

Compare scores with friends on all Sporcle quizzes.
Join for Free
OR
Log In

You Might Also Like...

Show Comments

Extras

Top Quizzes Today


Score Distribution

Your Account Isn't Verified!

In order to create a playlist on Sporcle, you need to verify the email address you used during registration. Go to your Sporcle Settings to finish the process.

Report this User

Report this user for behavior that violates our Community Guidelines.

Details: